000 00698nam a2200229 4500
003 OSt
005 20240727023047.0
006 a
008 240727b |||||||| |||| 00| 0 eng d
020 _a9780071313933
040 _aDWCL-Main lib.
_cOC
082 _2Sixth edition
_aCirc. 658.5 M294 2011
100 _aRobert F. Jacobs.
245 _aManufacturing planning and control for supply chain management /
250 _aSixth edition
260 _aN.Y. :
_bMcGraw-Hill/Irwin,
_cc2011.
300 _axvi,
_b480 p. : ill. ;
_c23 cm.
504 _aIncludes index.
650 _a1. Production Planning.
650 _a2. Production control.
942 _2ddc
_n0
_cBK-CIRC
_eSixth edition
_kCirc.
999 _c2852
_d2852